| 000 | 00715nam a2200205 a 4500 | ||
|---|---|---|---|
| 001 | 000022273 | ||
| 005 | 20240229073828.0 | ||
| 008 | 100521s1981 dr a r 001 0 spa d | ||
| 040 |
_aDO-SdBNP _bspa _cBNPHU |
||
| 082 |
_axxxx _bP957p |
||
| 245 | 0 | 0 |
_aPrincipios de prácticas secretariales en la administración pública / _cpresentacin Raymundo Amaro Guzmán. |
| 260 |
_aSanto Domingo : _bONAP, _c1981. |
||
| 300 |
_a97 p. ; _c21 cm. |
||
| 490 | 1 |
_aGuias informativas _v3 |
|
| 500 | _aIncluye referencias bibliográficas y notas al pie de las páginas | ||
| 504 | _aBibliografías : p. 95 | ||
| 590 | _aInventariado, 2019/BT | ||
| 700 | 1 |
_aAmaro Guzmán, Raymundo _9656 |
|
| 830 | 0 |
_aGuias informativas _n3 _944813 |
|
| 999 |
_c21771 _d21771 |
||